| 000 | 00399cam a2200157ua 4500 | ||
|---|---|---|---|
| 041 |
_aeng _h |
||
| 082 |
_a828.09 _bGWT/MA |
||
| 100 | _aGwynn , Stephen . | ||
| 245 |
_aMasters of English Literature / _cStephen Gwynn. _hTextual Documents |
||
| 250 |
_a1 / _b. |
||
| 260 |
_aLendon : _bMacmellan And Company Ltd , _c1966. |
||
| 300 | _a493 ; . | ||
| 504 | _a | ||
| 942 | _cBK | ||
| 999 |
_c2790 _d2790 |
||